| 000 | 01189nam a22002537a 4500 | ||
|---|---|---|---|
| 005 | 20170124103123.0 | ||
| 010 | _aB-243432 | ||
| 020 |
_c150.00 _a8173291160 |
||
| 035 | _aB-243432 | ||
| 037 | _bCen Lib/Ret | ||
| 040 |
_aDPL _bHN |
||
| 082 |
_a170 _bशर्माप |
||
| 100 |
_aशर्मा, पवित्र कुमार _96739 |
||
| 245 |
_aअध्यात्म और जीवन शैली / _cपवित्र कुमार शर्मा |
||
| 246 |
_aAdhyatm aur jeevan shaili / _bby Pavitr Kumar Sharma |
||
| 260 |
_bशिलालेख _aदिल्ली _c2005 |
||
| 270 |
_bदिल्ली _a4/32 सुभाष गली, विश्वास नगर, शाहदरा _e110032 |
||
| 300 |
_a115पृ. _c20सेमी(सजिल्द) |
||
| 650 |
_aअध्यात्म -- चरित्र निर्माण _982517 |
||
| 650 |
_aअध्यात्म -- जीवन आनन्द की प्राप्ति _982518 |
||
| 650 |
_aSpirituality - Character Creation _982519 |
||
| 650 |
_aSpirituality - life attainment of joy _982520 |
||
| 942 |
_2ddc _cHN _h170 _mशर्माप |
||
| 999 |
_c118919 _d118919 |
||